6 intrus en 30 secondes #11 - Statistiques

Statistiques générales
  • Ce quiz a été pris 58 fois
  • Le résultat moyen est 4 sur 6
Answers on the Grid
Answers color-coded by a green-red scale on the quiz's grid according to % correct below.
🖐️
🖐️
🖐️
🖐️
🖐️
🖐️
🖐️
🖐️
🖐️
🖐️
🖐️
🖐️
🖐️
🖐️
🖐️
🖐️
🖐️
🖐️
🖐️
🖐️
🖐️
🖐️
🖐️
🖐️
🖐️
🖐️
🖐️
🖐️
🖐️
🖐️
🖐️
🖐️
🖐️
🖐️
🖐️
🖐️
🖐️
🖐️
🖐️
🖐️
🖐️
🖐️
🖐️
🖐️
🖐️
🖐️
🖐️
🖐️
🖐️
🖐️
🖐️
🖐️
🖐️
🖐️
🖐️
🖐️
🖐️
🖐️
🖐️
🖐️
🖐️
🖐️
🖐️
🖐️
🖐️
🖐️
🖐️
🖐️
🖐️
🖐️
🖐️
🖐️
🖐️
🖐️
🖐️
🖐️
🖐️
🖐️
🖐️
🖐️
🖐️
🖐️
🖐️
🖐️
🖐️
🖐️
🖐️
🖐️
🖐️
🖐️
🖐️
🖐️
🖐️
🖐️
🖐️
🖐️
🖐️
🖐️
🖐️
🖐️
🖐️
🖐️
🖐️
🖐️
🖐️
🖐️
🖐️
🖐️
🖐️
🖐️
🖐️
🖐️
🖐️
🖐️
🖐️
🖐️
🖐️
🖐️
🖐️
🖐️
🖐️
🖐️
🖐️
🖐️
🖐️
🖐️
🖐️
🖐️
🖐️
🖐️
🖐️
🖐️
🖐️
🖐️
🖐️
🖐️
🖐️
🖐️
🖐️
🖐️
🖐️
🖐️
🖐️
🖐️
🖐️
🖐️
🖐️
🖐️
🖐️
🖐️
🖐️
🖐️
🖐️
🖐️
🖐️
🖐️
🖐️
🖐️
🖐️
🖐️
🖐️
🖐️
🖐️
🖐️
🖐️
🖐️
🖐️
🖐️
🖐️
🖐️
🖐️
🖐️
🖐️
🖐️
🖐️
🖐️
🖐️
🖐️
🖐️
🖐️
🖐️
🖐️
🖐️
🖐️
🖐️
🖐️
🖐️
🖐️
🖐️
🖐️
🖐️
🖐️
🖐️
🖐️
 
Statistiques - réponses
Réponse % Correct
74%
74%
71%
68%
68%
55%
Aucun quiz correspondant
Distribution des résultats
% des personnes avec chaque résultat
Percentile par nombre de réponses
Votre historique - résultats
Vous n’avez pas pris ce quiz